Bioassay of p-phenylenediamine dihydrochloride for possible carcinogenicity.

Bibliographic Details
Corporate Author: National Cancer Institute (U.S.). Division of Cancer Cause and Prevention
Format: Government Document Book
Language:English
Published: Bethesda, Md. : Dept. of Health, Education, and Welfare, Public Health Service, National Institutes of Health, National Cancer Institute, Division of Cancer Cause and Prevention, Carcinogenesis Testing Program, 1979.
Series:DHEW publication ; no. (NIH) 79-1730.
Subjects:

MARC

Tag First Indicator Second Indicator Subfields
LEADER 00000cam a2200000 i 4500
001 in00000803213
005 20151017091454.0
008 781220s1979 mdua b f00010 eng d
010 |a gp 79006035  
020 |c pbk. 
035 |a (OCoLC)04509213 
035 |9 ADS5837AM 
037 |b 20014 
040 |c GPO  |d UtOrBLW 
074 |a 507-G-12 
086 |a HE 20.3159/2:174 
110 2 |a National Cancer Institute (U.S.).  |b Division of Cancer Cause and Prevention. 
245 1 0 |a Bioassay of p-phenylenediamine dihydrochloride for possible carcinogenicity. 
264 1 |a Bethesda, Md. :  |b Dept. of Health, Education, and Welfare, Public Health Service, National Institutes of Health, National Cancer Institute, Division of Cancer Cause and Prevention, Carcinogenesis Testing Program,  |c 1979. 
300 |a 101 pages in various pagings :  |b illustrations ;  |c 27 cm. 
336 |a text  |b txt  |2 rdacontent 
337 |a unmediated  |b n  |2 rdamedia 
338 |a volume  |b nc  |2 rdacarrier 
490 1 |a Carcinogenesis technical report series ; no. 174 
490 1 |a DHEW publication ; no. (NIH) 79-1730 
500 |a "CAS number 624-18-0." 
504 |a Bibliography: pages 44-46. 
650 0 |a Carcinogens. 
650 0 |a Dyes and dyeing  |x Toxicology. 
650 0 |a Phenylenediamine  |x Toxicology. 
810 1 |a United States.  |b National Cancer Institute.  |t Carcinogenesis technical report series ;  |v no. 174. 
830 0 |a DHEW publication ;  |v no. (NIH) 79-1730. 
999 |a MARS 
999 f f |s 60aa6af3-0e86-340c-be9e-4eee0c153d64  |i fe4ca3ed-fbcb-33fd-800e-424e11b8644f  |t 0 
952 f f |p normal  |a Texas A&M University  |b College Station  |c Sterling C. Evans Library  |d Evans: US Documents (Annex 5th floor)  |t 0  |e HE 20.3159/ 2:174  |h Superintendent of Documents classification  |i unmediated -- volume  |m A14814478092 
998 f f |a HE 20.3159/ 2:174  |t 0  |l Evans: US Documents (Annex 5th floor)